| 000 | 00645nam a2200229Ia 4500 | ||
|---|---|---|---|
| 003 | IT-RoPAU | ||
| 008 | 120407s9999 xx 000 0 und d | ||
| 040 | _aIT-RoPAU | ||
| 040 | _cIT-RoPAU | ||
| 041 | _aita | ||
| 100 | _aAristotele | ||
| 245 | _aOpere. | ||
| 250 | _aRoma - Bari | ||
| 260 | _aLaterza | ||
| 260 | _c1988 | ||
| 300 | _c20.4 cm | ||
| 490 | _aBiblioteca Universale Laterza. | ||
| 490 | _v3 | ||
| 600 | _a"Vol. 7: Etica Nicomachea. p. 275 Vol. 8: Grande etica, Etica Eudemia. p.192 Vol. 9: Politica. Trattato sull’economia. p. 324" | ||
| 942 | _cBK | ||
| 999 |
_c346 _d346 |
||